000 00401nam a22001337a 4500
082 _a940.4
_bCRU
100 _aCrutwell, C.R.M.F
_946561
245 _aA history of the great war 1914-18
_cCrutwell, C.R.M.F
260 _aLondon
_bOxford press
_c1936
300 _axii, 655 p.
_bill.
_c25 cm
526 _a0
_b0
_c0
_d940_400000000000000_CRU
526 _a0
_b0
_c0
_d940_400000000000000_CRU
942 _2ddc
_cBK
999 _c549874
_d549874